| 000 | 00774cam a2200217Mi 4500 | ||
|---|---|---|---|
| 020 | _a9783658142193 | ||
| 020 | _a3658142197 | ||
| 040 | _cEBLCP | ||
| 082 | 0 | 4 | _a629 RUA 2014 C161 Or. |
| 245 | 1 | 0 |
_a7th International Munich Chassis Symposium 2016 : _bchassis.tech plus / |
| 300 |
_a1 online resource (xxxi, 957 pages) : _billustrations. |
||
| 490 | 1 | _aProceedings | |
| 500 | _a4.4 EHCB-Bremssystem | ||
| 650 | 0 | _aAutomobiles | |
| 700 | 1 | _aPfeffer, Peter E., | |
| 710 | 2 | _aOhio Library and Information Network. | |
| 856 | 4 | 0 | _uhttp://rave.ohiolink.edu/ebooks/ebc/9783658142193 |
| 856 | 4 | 0 | _uhttp://link.springer.com/10.1007/978-3-658-14219-3 |
| 856 | 4 | 0 | _uhttp://proxy.ohiolink.edu:9099/login?url=http://link.springer.com/10.1007/978-3-658-14219-3 |
| 942 | _cAEDBB | ||
| 999 |
_c19117 _d19117 |
||